000 00651cab a2200217 4500
001 X2770
008 090401t1986 xxu||||| |||| 00| 0 eng d
035 _a(Sirsi) u26160
041 _aeng
245 _aBig Bang Beam
260 _c1986
350 _a0
490 _aArchitects` Journal
_v184(47) 19/11/86 p28
520 _aA radical new beam has been devised for offices constructed quickly with column free space and deep service zones. Details of manufacturer.
650 _aBUILT ENVIRONMENT-CONSTRUCTION DESIGN
650 _aDEALING FLOORS
650 _aTAPER BEAM
690 _aBUILT ENVIRONMENT
942 _n0
948 _c04/03/1997
999 _c17559
_d17559